000 00495nam a22001817a 4500
005 20251108172028.0
008 250721s9999 xx 000 0 ara d
082 1 4 _a813.09/نجم
100 1 _aنجم، محمد يوسف
245 1 0 _aفن القصة /
264 1 _aبيروت :
_bدار الثقافة،
_c[19-].
300 _a191ص.
490 0 _aالفنون الادبية ؛ 2
650 1 7 _aالقصص العربية
650 1 7 _aالنقد
942 _2ddc
_cBK
999 _c68642
_d68642